The noble scholar, jurist, historian


 His Excellency Dr. Abdul Wahhab bin Ibrahim Abu Sulaiman, may Allah have mercy on him.


 He was born in Umm Al-Qura in the year 1356 AH.

ذكرى رجل من مكة المكرمة / (Record no. 353)

MARC details
000 -LEADER
fixed length control field 01069cam a2200277 i 4500
003 - CONTROL NUMBER IDENTIFIER
control field SA-RiAUC
005 - DATE AND TIME OF LATEST TRANSACTION
control field 20250126070829.0
008 - FIXED-LENGTH DATA ELEMENTS--GENERAL INFORMATION
fixed length control field 240916s1998 ||| g 000r0aara c
020 ## - INTERNATIONAL STANDARD BOOK NUMBER
International Standard Book Number 996035519×
040 ## - CATALOGING SOURCE
Original cataloging agency SA-RiAUC
Language of cataloging ara
Transcribing agency SA-RiAUC
Description conventions rda
043 ## - GEOGRAPHIC AREA CODE
Geographic area code a-su---
082 04 - DEWEY DECIMAL CLASSIFICATION NUMBER
Classification number 923.6
090 ## - LOCALLY ASSIGNED LC-TYPE CALL NUMBER (OCLC); LOCAL CALL NUMBER (RLIN)
Classification number (OCLC) (R) ; Classification number, CALL (RLIN) (NR) 923.6
Local cutter number (OCLC) ; Book number/undivided call number, CALL (RLIN) س ف ي
100 1# - MAIN ENTRY--PERSONAL NAME
Personal name السفياني، محمد بن محمود بن سفر،
Dates associated with a name 1331-1418 هجري
Relator term مؤلف.
245 10 - TITLE STATEMENT
Title ذكرى رجل من مكة المكرمة /
Remainder of title محمد بن محمود سفر السفياني.
264 #1 - PRODUCTION, PUBLICATION, DISTRIBUTION, MANUFACTURE, AND COPYRIGHT NOTICE
Place of production, publication, distribution, manufacture [مكان النشر غير محدد] :
Name of producer, publisher, distributor, manufacturer [الناشر غير محدد]،
Date of production, publication, distribution, manufacture, or copyright notice [1998]
300 ## - PHYSICAL DESCRIPTION
Extent 256 صفحة ؛
Dimensions 24 سم
336 ## - CONTENT TYPE
Content type term نص
Content type code txt
Source rdacontent
Materials specified كتاب
337 ## - MEDIA TYPE
Media type term بدون وسيط
Media type code n
Source rdamedia
338 ## - CARRIER TYPE
Carrier type term مجلد
Carrier type code nc
Source rdacarrier
600 17 - SUBJECT ADDED ENTRY--PERSONAL NAME
Personal name السفياني، محمد بن محمود بن سفر،
Dates associated with a name 1331-1418 هجري
Source of heading or term aucnm
650 #7 - SUBJECT ADDED ENTRY--TOPICAL TERM
Topical term or geographic name entry element تراجم
Source of heading or term aucsh
651 #7 - SUBJECT ADDED ENTRY--GEOGRAPHIC NAME
Geographic name مكة المكرمة
Form subdivision تراجم
Source of heading or term aucsh
942 ## - ADDED ENTRY ELEMENTS (KOHA)
Source of classification or shelving scheme Dewey Decimal Classification
Koha item type Books
949 ## - LOCAL PROCESSING INFORMATION (OCLC)
a SA-JeALM
d 240916
u mohamedma123
n 1
Holdings
Withdrawn status Lost status Source of classification or shelving scheme Damaged status Not for loan Home library Current library Date acquired Total checkouts Full call number Barcode Date last seen Price effective from Koha item type
    Dewey Decimal Classification     DR AbdElwahab Library DR AbdElwahab Library 09/17/2024   923.6 س ف ي 000000472 09/17/2024 09/17/2024 Books
    Dewey Decimal Classification     DR AbdElwahab Library DR AbdElwahab Library 01/21/2025   923.6 س ف ي 000008070 01/21/2025 01/21/2025 Books
    Dewey Decimal Classification     DR AbdElwahab Library DR AbdElwahab Library 01/26/2025   923.6 س ف ي 000008502 01/26/2025 01/26/2025 Books